Statistiques concernant Tableaux célèbres par musées

Cliquez ici pour prendre le quiz!

Statistiques générales

  • Ce quiz a été pris 28 fois
  • Le résultat moyen est 4 sur 23

Statistiques - réponses

TableauArtisteMusée% Correct
La JocondeLéonard de VinciMusée du Louvre
100%
Tres de MayoGoyaMusée du Prado
54%
Impression, soleil levantClaude MonetMusée d'Orsay
46%
La Ronde de nuitRembrandtRijksmuseum Amsterdam
33%
Les Époux ArnolfiniJan van EyckNational Gallery de Londres
25%
Le CriEdvard MunchMusée national, Oslo
21%
GuernicaPablo PicassoMusée Reina Sofía de Madrid
21%
La Nuit étoiléeVincent van GoghMuseum of Modern Art
17%
La Jeune Fille à la perleJohannes VermeerMauritshuis de la Haye
13%
Le BaiserGustav KlimtÖsterreichische Galerie
8%
NighthawksEdward HooperArt Institute of Chicago
4%
La Mer de glaceCaspar David FriedrichKunsthalle de Hambourg
4%
Les Joueurs de SkatOtto DixNeue Nationalgallerie
4%
OphélieJ.E. MillaisTate Britain
4%
L'Arrestation du ChristLe CaravageGalerie nationale d'Irlande
0%
Composition VIIVassily KandinskyGalerie Tretiakov
0%
SenecioPaul KleeKunstmuseum Bâle
0%
Nu BleuHenri MatisseMusée d'Art de Baltimore
0%
La Trahison des ImagesRené MagritteMusée d'art de Los Angeles
0%
Les Grandes BaigneusesAuguste RenoirMusée d'Art de Philadelphie
0%
Le LièvreAlbrecht DürerMusée de l'Albertina
0%
Le Retour du fils prodigueRembrandtMusée de l'Ermitage
0%
Le Pauvre PoèteCarl SpitzwegNeue Pinakothek
0%

Distribution des résultats

Percentile par nombre de réponses

% des personnes avec chaque résultat

Votre développement - résultats

Vous n’avez pas pris ce quiz